ELO Albums by Cover - Statistics

General Stats
  • This quiz has been taken 81 times
  • The average score is 9 of 14
Answer Stats
Hint Answer % Correct
Out of the Blue
82%
Discovery
81%
Time
79%
Balance of Power
75%
Eldorado
72%
A New World Record
72%
Secret Messages
70%
The Electric Light Orchestra
65%
Face the Music
65%
Zoom
60%
Alone in the Universe
60%
On the Third Day
58%
ELO 2
56%
From Out of Nowhere
49%
No matching quizzes found
Score Distribution
Percent of People with Each Score
Percentile by Number Answered
Your Score History
You have not taken this quiz